Sołtysik, Maria Jolanta. Na styku dwóch epok. - Gdynia : Wydawn. "Alter Ego" Sławomir Kitowski. - 2003 [Rezension]
| Titel: | Sołtysik, Maria Jolanta. Na styku dwóch epok. - Gdynia : Wydawn. "Alter Ego" Sławomir Kitowski. - 2003 [Rezension] |
|---|---|
| Verfasser: | |
| In: |
Rocznik Gdyński, Heft 18 (2006), Seite 222-223 alle Artikel anzeigen |
| Veröffentlicht: | 2006 |
| Format: | Aufsatz |
| Sprache: | Polnisch |
X
alg: 39512114 001A $01999:12-11-16 001B $01999:04-08-21 $t21:05:30.000 001D $01999:12-11-16 001U $0utf8 001X $00 002@ $0Aox 003@ $0395121140 007A $0395121140 $aHEB 007T $0Herda26764h 010@ $apol 011@ $a2006 021A $aSołtysik, Maria Jolanta. @Na styku dwóch epok. - Gdynia : Wydawn. "Alter Ego" Sławomir Kitowski. - 2003 [Rezension] 028A $aAnders $dWiesław 031A $e18 $h222-223 $j2006 039B $aIn $8--Abvc--. Rocznik Gdyński. - Gdynia, 1978-. - ISSN 0137-4044 $x200600000000018778 $9090559797 039T $8--Aau--Sołtysik, Maria Jolanta [Tnd]. @Na styku dwóch epok. - Gdynia : Wydawn. "Alter Ego" Sławomir Kitowski, 2003. - 259 S.. - zahlr. Ill.. - ISBN 83-916343-2-9 $9122592441 045F $a900.9438 $eDDC23BSB 045F/01 $a900 045F/03 $g438 045F/03 $g4382 045F/03 $g43832 lok: 39512114 78 exp: 39512114 78 1 #EPN 201B/01 $018-11-16 $t13:48:33.000 201U/01 $0utf8 203@/01 $0791419789 208@/01 $a12-11-16 $be 209A/01 $a/ $f000 $x00 220C/01 $aHerkunft: PBB/IH PAN 244Z/01 $2Trx $#Prusy Wschodnie i Zachodnie $8--Trx--Ost- und Westpreußen $x01 $939113373X 244Z/01 $2Trx $#Poola $#Lenkija $#Polija $#Polen Land $#Poland $#Lengyelország $#Poľsko $#Polsko $8--Trx--Polska$gkraj $x02 $9391345966 244Z/01 $2Trx $#arvustused $#recenzijos $#Reviews $#recenziók $#recenzje $#recenzie $#recenze $8--Trx--Rezensionen $x03 $9391357441 247C/01 $82080>Marburg/Lahn, Herder-Institut, Forschungsbibliothek, Bibliographieportal $9336309341
| LEADER | 00000caa a22000002c 4500 | ||
|---|---|---|---|
| 001 | 395121140 | ||
| 003 | DE-603 | ||
| 005 | 20210804210530.0 | ||
| 007 | tu | ||
| 008 | 161112s2006 xx |||| | u00||u|pol c | ||
| 035 | |a (DE-599)HEB395121140 | ||
| 040 | |a DE-603 |b ger |c DE-603 |d DE-603 | ||
| 041 | |a pol | ||
| 082 | 0 | 4 | |8 1\u |a 900.9438 |q DE-101 |2 23/BSB |
| 085 | |8 1\u |b 900 | ||
| 085 | |8 1\u |z 2 |s 438 | ||
| 085 | |8 1\u |z 2 |s 4382 | ||
| 085 | |8 1\u |z 2 |s 43832 | ||
| 100 | 1 | |a Anders, Wiesław | |
| 245 | 0 | 0 | |a Sołtysik, Maria Jolanta. Na styku dwóch epok. - Gdynia : Wydawn. "Alter Ego" Sławomir Kitowski. - 2003 [Rezension] |
| 264 | 0 | |c 2006 | |
| 773 | 0 | 8 | |i In |t Rocznik Gdyński |d Gdynia, 1978- |x 0137-4044 |g Heft 18 (2006), Seite 222-223 |w (DE-603)090559797 |w (DE-600)2008589-8 |
| 787 | 0 | 8 | |i Rezension von |a Sołtysik, Maria Jolanta |t Na styku dwóch epok |d Gdynia : Wydawn. "Alter Ego" Sławomir Kitowski, 2003 |h 259 S., zahlr. Ill. |z 8391634329 |w (DE-603)122592441 |
| 924 | 0 | |9 2080 |a (DE-603)791419789 |b DE-2080 |c HES |d d |g / | |


